| 000 | 00971nam a22002537a 4500 | ||
|---|---|---|---|
| 999 |
_c64206 _d64206 |
||
| 005 | 20240530110720.0 | ||
| 008 | 180319s2016 ua a g b 000 0 ara d | ||
| 017 |
_a2016/20776 _bمصر. دار الكتب |
||
| 020 | _a9789777950831 | ||
| 040 |
_aEG-CaGPL _cEG-CaGPL |
||
| 082 | 0 | 4 |
_221 _a186.4/ _bم م |
| 100 | 0 | _aمصطفى النشار | |
| 245 | 1 | 0 |
_aمدرسة الاسكندرية الفلسفية : _bبين التراث الشرقى والفلسفة اليونانية / _cمصطفى النشار . |
| 250 | _aط.1 | ||
| 260 |
_aالقاهرة : _bالدار المصرية اللبنانية ، _c2016 . |
||
| 300 |
_a220 ص. ؛ _c24 سم. |
||
| 650 | 0 | 7 |
_2qrmak _aفلسفة الاسكندرية |
| 650 | 0 | 7 |
_2qrmak _aمدرسة الاسكندرية |
| 650 | 0 | 7 |
_2qrmak _aالفلسفة اليونانية |
| 650 | 0 | 7 |
_2qrmak _aالفلسفة _xمذاهب |
| 651 | _2qrmak | ||
| 942 |
_2ddc _cBK |
||